Perspectives in environmental studies / (Record no. 755664)

MARC details
000 -LEADER
fixed length control field 00365nam a22001337a 4500
020 ## - INTERNATIONAL STANDARD BOOK NUMBER
ISBN 9789360744595
082 ## - DEWEY DECIMAL CLASSIFICATION NUMBER
Classification number 363.7 KAU.P
100 ## - MAIN ENTRY--AUTHOR NAME
Personal name Anubha Kaushik
245 ## - TITLE STATEMENT
Title Perspectives in environmental studies /
260 ## - PUBLICATION, DISTRIBUTION, ETC. (IMPRINT)
Place of publication Daryaganj:
Name of publisher New age international (P) Limited, Publishers,
Year of publication 2025
300 ## - PHYSICAL DESCRIPTION
Number of Pages 334 p.
942 ## - ADDED ENTRY ELEMENTS (KOHA)
Source of classification or shelving scheme Dewey Decimal Classification
Koha item type Book
Holdings
Withdrawn status Lost status Source of classification or shelving scheme Damaged status Not for loan Home Library Current Location Shelving location Date acquired Full call number Accession Number Price effective from Koha item type
    Dewey Decimal Classification     Dept. of Botany Dept. of Botany Gift 02/02/2026 363.7 KAU.P BOTG92 02/02/2026 Book